[Event "8. Open de Calvia de Aficionados 2011"]
[Site "Calvià ESP"]
[Date "2011.10.14"]
[Round "7.20"]
[White "Crespi Lopez, Juan Josep"]
[Black "Kyrkjebo, Erlend"]
[Result "0-1"]
[WhiteElo "1986"]
[BlackElo "2026"]
[PlyCount "36"]
[EventDate "2011.10.08"]
[EventType "swiss"]
[EventRounds "9"]
[EventCountry "ESP"]
[Source "lmi"]
[SourceDate "2011.10.08"]

1. d4 Nf6 2. Bg5 Ne4 3. Bf4 c5 4. f3 Qa5+ 5. c3 Nf6 6. Nd2 cxd4 7. Nb3 Qf5 8.
Bxb8 Rxb8 9. Nxd4 Qe5 10. e4 e6 11. Qd2 d5 12. Bb5+ Bd7 13. Bxd7+ Nxd7 14.
O-O-O Nc5 15. b4 Na4 16. Nb5 Rc8 17. f4 Qxe4 18. a3 a6 0-1

[Event "8. Open de Calvia de Aficionados 2011"]
[Site "Calvià ESP"]
[Date "2011.10.14"]
[Round "7.21"]
[White "Strand, Oyvin"]
[Black "Ponce Cano, Adrian"]
[Result "1-0"]
[WhiteElo "2021"]
[BlackElo "1767"]
[PlyCount "127"]
[EventDate "2011.10.08"]
[EventType "swiss"]
[EventRounds "9"]
[EventCountry "ESP"]
[Source "lmi"]
[SourceDate "2011.10.08"]

1. d4 d5 2. e3 e6 3. Bd3 Nf6 4. Nf3 c5 5. b3 Nc6 6. Bb2 Be7 7. O-O Bd7 8. Nbd2
Rc8 9. Ne5 Nb4 10. Ndf3 Nc6 11. Qe2 a6 12. a4 Bd6 13. Nxd7 Qxd7 14. Ne5 Qc7 15.
Nxc6 Qxc6 16. dxc5 Bxc5 17. Rac1 Qd6 18. e4 Qf4 19. Bxf6 gxf6 20. exd5 Ke7 21.
dxe6 fxe6 22. Bc4 Rc6 23. Rcd1 Rg8 24. Bd5 Rb6 25. Rfe1 Rd8 26. Bxe6 Qxf2+ 27.
Qxf2 Bxf2+ 28. Kxf2 Rxd1 29. Rxd1 Kxe6 30. Ke3 Rc6 31. c4 Rc5 32. Kd4 Rg5 33.
Rd2 Kd6 34. b4 Kc6 35. Rf2 Rg4+ 36. Kc3 Rg6 37. Ra2 f5 38. b5+ Kc5 39. Rf2 Rf6
40. Re2 Kb6 41. Kb4 a5+ 42. Kc3 Rg6 43. Kd4 Rg4+ 44. Kd5 Rg8 45. c5+ Ka7 46.
Kd6 Rd8+ 47. Kc7 Rd5 48. Rc2 Rd4 49. c6 b6 50. Ra2 h6 51. Kc8 h5 52. c7 f4 53.
Re2 h4 54. h3 Rd5 55. Re8 Rd2 56. Rd8 Rxg2 57. Kd7 Rg7+ 58. Kd6 Rg6+ 59. Kd5
Rg5+ 60. Ke4 Rg3 61. c8=Q Re3+ 62. Kf5 Re5+ 63. Kxe5 f3 64. Qb8# 1-0

[Event "8. Open de Calvia de Aficionados 2011"]
[Site "Calvià ESP"]
[Date "2011.10.14"]
[Round "7.22"]
[White "Gomez Olivares, Alejandro"]
[Black "Svitek, Volker"]
[Result "0-1"]
[WhiteElo "1947"]
[BlackElo "2099"]
[PlyCount "74"]
[EventDate "2011.10.08"]
[EventType "swiss"]
[EventRounds "9"]
[EventCountry "ESP"]
[Source "lmi"]
[SourceDate "2011.10.08"]

1. d4 d5 2. c4 c6 3. Nc3 Nf6 4. Nf3 dxc4 5. e3 b5 6. a4 b4 7. Na2 e6 8. Bxc4
Be7 9. O-O O-O 10. Qe2 Bb7 11. Rd1 Nbd7 12. b3 Qb6 13. Bb2 c5 14. Nc1 Qa5 15.
dxc5 Nxc5 16. Nd4 Rfd8 17. Nd3 Nxd3 18. Rxd3 Be4 19. Rdd1 Bb7 20. Rac1 Rac8 21.
Bb5 Qb6 22. Rxc8 Rxc8 23. Rc1 Rxc1+ 24. Bxc1 Bc5 25. Bb2 Qd6 26. Nf3 a6 27. Bc4
Ng4 28. Qd3 Qc7 29. h3 Bxf3 30. hxg4 Bxg4 31. Qe4 Bf5 32. Qa8+ Bf8 33. Qxa6 Qd7
34. Bd4 e5 35. Bxe5 Qd1+ 36. Kh2 Bc2 37. Qa8 Qh5+ 0-1

[Event "8. Open de Calvia de Aficionados 2011"]
[Site "Calvià ESP"]
[Date "2011.10.14"]
[Round "7.23"]
[White "Moreno Mateos, Jose Luis"]
[Black "Garcia Lopez, Luis Manuel"]
[Result "1/2-1/2"]
[WhiteElo "1878"]
[BlackElo "2059"]
[PlyCount "126"]
[EventDate "2011.10.08"]
[EventType "swiss"]
[EventRounds "9"]
[EventCountry "ESP"]
[Source "lmi"]
[SourceDate "2011.10.08"]

1. d4 d5 2. c4 e5 3. dxe5 d4 4. Nf3 Nc6 5. Nbd2 Bg4 6. a3 Nge7 7. h3 Bxf3 8.
Nxf3 Ng6 9. Qa4 Qd7 10. b4 Ngxe5 11. Nxe5 Nxe5 12. Qxd7+ Kxd7 13. c5 b6 14.
cxb6 axb6 15. Bb2 c5 16. bxc5 bxc5 17. e3 Rb8 18. O-O-O Nc6 19. exd4 cxd4 20.
Bxd4 Bxa3+ 21. Bb2+ Bd6 22. Bd3 Ne7 23. g3 Rhc8+ 24. Bc2 Rc6 25. Rhe1 Rbc8 26.
Re2 g6 27. Bf6 Ng8 28. Bb2 Kc7 29. Rd3 Kb7 30. Kd1 Bc5 31. Bb3 Rb6 32. Rd7+ Rc7
33. Bd5+ Kc8 34. Rxf7 Rxf7 35. Bxf7 Ne7 36. Rc2 Rc6 37. Be8 Rd6+ 38. Ke2 Kd8
39. Bf7 Bd4 40. Rd2 Bc5 41. Rxd6+ Bxd6 42. Bf6 Kd7 43. Kf3 Bc5 44. g4 Bb6 45.
Kg3 Bc5 46. f4 Bd6 47. Kf3 Bc5 48. Ke4 Kd6 49. g5 Ba3 50. Bxe7+ Kxe7 51. Bg8
Kf8 52. Bxh7 Kg7 53. Bxg6 Kxg6 54. h4 Bc1 55. f5+ Kf7 56. Ke5 Bb2+ 57. Kd6 Bc1
58. f6 Ba3+ 59. Ke5 Kg6 60. Ke6 Bb4 61. h5+ Kxh5 62. Kf5 Bf8 63. f7 Bg7 1/2-1/2

[Event "8. Open de Calvia de Aficionados 2011"]
[Site "Calvià ESP"]
[Date "2011.10.14"]
[Round "7.24"]
[White "Garrido Lluy, Javier"]
[Black "Berendsen, Markus"]
[Result "1-0"]
[WhiteElo "1808"]
[BlackElo "2035"]
[PlyCount "69"]
[EventDate "2011.10.08"]
[EventType "swiss"]
[EventRounds "9"]
[EventCountry "ESP"]
[Source "lmi"]
[SourceDate "2011.10.08"]

1. e4 c5 2. Nf3 e6 3. c3 d6 4. d4 Nd7 5. Bd3 Be7 6. O-O b6 7. Bf4 Ngf6 8. Nbd2
Nh5 9. Be3 Nhf6 10. Rc1 O-O 11. Bb1 e5 12. h3 Re8 13. Re1 h6 14. Nf1 Bf8 15.
Ng3 g6 16. Qd2 Kh7 17. Rcd1 Bb7 18. d5 b5 19. Nh2 a5 20. f4 exf4 21. Bxf4 Ne5
22. Bxe5 Rxe5 23. Nf3 Re8 24. Qf4 Bc8 25. h4 Ra7 26. h5 Ng4 27. hxg6+ fxg6 28.
e5 Nxe5 29. Rxe5 Rxe5 30. Nh4 Rg7 31. Nxg6 Kg8 32. Qxh6 Be7 33. Qh8+ Kf7 34.
Nxe5+ dxe5 35. Rf1+ 1-0

[Event "8. Open de Calvia de Aficionados 2011"]
[Site "Calvià ESP"]
[Date "2011.10.14"]
[Round "7.25"]
[White "Persson, Stellan"]
[Black "Fullana Benito, David"]
[Result "1/2-1/2"]
[WhiteElo "2020"]
[BlackElo "1845"]
[PlyCount "96"]
[EventDate "2011.10.08"]
[EventType "swiss"]
[EventRounds "9"]
[EventCountry "ESP"]
[Source "lmi"]
[SourceDate "2011.10.08"]

1. d4 d5 2. c4 e6 3. Nc3 Nf6 4. Nf3 Be7 5. e3 O-O 6. Be2 Ne4 7. O-O f5 8. a4 a5
9. Ne5 Bb4 10. Qb3 c6 11. f3 Nf6 12. Rd1 Nbd7 13. Nd3 dxc4 14. Qxc4 Nb6 15. Qb3
Nbd5 16. Nxb4 Nxb4 17. Bc4 Qe7 18. Bd2 h6 19. Rf1 Kh7 20. Rae1 e5 21. Ne2 Nfd5
22. Bxd5 Nxd5 23. Qc2 g6 24. dxe5 Qxe5 25. e4 Nb4 26. Bxb4 axb4 27. Nc1 Qd4+
28. Kh1 Be6 29. Rf2 b3 30. Qd2 Qxd2 31. Rxd2 fxe4 32. Rxe4 Bd5 33. Rb4 Rf7 34.
Kg1 b6 35. Nxb3 Bxb3 36. Rxb3 Rxa4 37. Rxb6 Ra1+ 38. Kf2 Rc1 39. b4 h5 40. Kg3
Rc4 41. h4 Rff4 42. Rd6 Rxh4 43. Rbxc6 Rxc6 44. Rd7+ Kh6 45. Kxh4 Rc4+ 46. Kg3
h4+ 47. Kh3 Rxb4 48. Rd5 g5 1/2-1/2

[Event "8. Open de Calvia de Aficionados 2011"]
[Site "Calvià ESP"]
[Date "2011.10.15"]
[Round "8.1"]
[White "Sanchez Jerez, Emilio Miguel"]
[Black "Sokalsky, Alexander"]
[Result "1-0"]
[WhiteElo "2275"]
[BlackElo "2226"]
[PlyCount "55"]
[EventDate "2011.10.08"]
[EventType "swiss"]
[EventRounds "9"]
[EventCountry "ESP"]
[Source "lmi"]
[SourceDate "2011.10.08"]

1. e4 c5 2. Nc3 Nc6 3. Nge2 g6 4. d4 cxd4 5. Nxd4 Bg7 6. Be3 d6 7. Qd2 Nf6 8.
f3 Bd7 9. O-O-O Nxd4 10. Bxd4 Bc6 11. Kb1 a6 12. g4 h6 13. h4 Qc7 14. Bh3 e5
15. Be3 Rd8 16. g5 Ng8 17. Qf2 Qe7 18. Bg4 h5 19. Bh3 Bf8 20. Bb6 Ra8 21. Rhe1
f6 22. f4 fxg5 23. hxg5 Rh7 24. f5 Qxg5 25. Rg1 Qf4 26. Qg2 Nf6 27. Rdf1 Qh6
28. fxg6 1-0

[Event "8. Open de Calvia de Aficionados 2011"]
[Site "Calvià ESP"]
[Date "2011.10.15"]
[Round "8.2"]
[White "Scharrer, Patrick"]
[Black "Navarro Ortiz De Ortuno, Borja"]
[Result "0-1"]
[WhiteElo "2269"]
[BlackElo "2275"]
[PlyCount "80"]
[EventDate "2011.10.08"]
[EventType "swiss"]
[EventRounds "9"]
[EventCountry "ESP"]
[Source "lmi"]
[SourceDate "2011.10.08"]

1. e4 e6 2. d4 d5 3. Nc3 Bb4 4. e5 b6 5. Qg4 Bf8 6. Bg5 Qd7 7. Nf3 Ba6 8. Bxa6
Nxa6 9. O-O h6 10. Be3 Ne7 11. Nh4 Nb4 12. Qe2 g6 13. a3 Nbc6 14. b4 Nf5 15.
Nxf5 gxf5 16. Qd3 Ne7 17. Ne2 Qc6 18. Nf4 Qc4 19. Nh5 O-O-O 20. b5 Qxd3 21.
cxd3 c6 22. a4 Kb7 23. Rfb1 a6 24. bxa6+ Kxa6 25. Rb3 Nc8 26. Rc1 Kb7 27. Bd2
Be7 28. Ba5 Ka6 29. Bb4 Bxb4 30. Rxb4 Na7 31. Nf6 Rb8 32. Nd7 Rb7 33. a5 Rxd7
34. axb6 Nb5 35. Rxc6 Rb8 36. b7+ Ka5 37. Rb1 Na3 38. Rc5+ Ka4 39. Ra1 Rdxb7
40. Rc6 Ka5 0-1

[Event "8. Open de Calvia de Aficionados 2011"]
[Site "Calvià ESP"]
[Date "2011.10.15"]
[Round "8.3"]
[White "Chueca Forcen, Alberto"]
[Black "Galiana Salom, Juan Ramon"]
[Result "1-0"]
[WhiteElo "2296"]
[BlackElo "2236"]
[PlyCount "53"]
[EventDate "2011.10.08"]
[EventType "swiss"]
[EventRounds "9"]
[EventCountry "ESP"]
[Source "lmi"]
[SourceDate "2011.10.08"]

1. d4 Nf6 2. c4 c5 3. d5 b5 4. cxb5 a6 5. b6 e6 6. Nc3 Nxd5 7. Nxd5 exd5 8.
Qxd5 Nc6 9. Nf3 Rb8 10. e4 Be7 11. Bc4 O-O 12. O-O Rxb6 13. Bd2 Rxb2 14. Bc3
Nb4 15. Qh5 Rc2 16. Rac1 Rxc1 17. Rxc1 d6 18. a3 Nc6 19. Rd1 Qe8 20. Ng5 Bxg5
21. Qxg5 Nd4 22. Rxd4 h6 23. Qg3 cxd4 24. Bxd4 g5 25. Qxd6 Qxe4 26. Qf6 Qb1+
27. Bf1 1-0

[Event "8. Open de Calvia de Aficionados 2011"]
[Site "Calvià ESP"]
[Date "2011.10.15"]
[Round "8.4"]
[White "Rodriguez Fontecha, Marcos"]
[Black "Garcia Del Rey, Senen"]
[Result "1-0"]
[WhiteElo "2244"]
[BlackElo "2295"]
[PlyCount "99"]
[EventDate "2011.10.08"]
[EventType "swiss"]
[EventRounds "9"]
[EventCountry "ESP"]
[Source "lmi"]
[SourceDate "2011.10.08"]

1. d4 Nf6 2. Nf3 c5 3. Nc3 d5 4. Bf4 e6 5. e3 a6 6. Be2 Nc6 7. O-O Be7 8. h3
O-O 9. a4 h6 10. Ne5 Bd6 11. Nxc6 bxc6 12. Bxd6 Qxd6 13. a5 e5 14. dxe5 Qxe5
15. Bf3 Rb8 16. Na4 Rb5 17. Qd2 c4 18. Rab1 Ne4 19. Bxe4 dxe4 20. Nc3 Rxa5 21.
Ra1 Rxa1 22. Rxa1 Re8 23. Rd1 Qb8 24. Na4 Qb5 25. Ra1 Qg5 26. Kh1 Rd8 27. Qb4
Qf6 28. Rf1 Be6 29. Nc5 a5 30. Qxa5 Bd5 31. Kg1 Qe7 32. Qb6 Ra8 33. b3 cxb3 34.
cxb3 Ra2 35. Rd1 Qf6 36. Qb8+ Kh7 37. Rf1 Qe7 38. Rc1 Rb2 39. Qc8 g6 40. Qb8
Kg7 41. Qb4 Kh7 42. Qd4 Ra2 43. b4 h5 44. b5 Qa7 45. Qe5 Qa3 46. Rc3 Qb2 47.
Qf6 Ra3 48. Nxe4 Bxe4 49. Qxf7+ Kh6 50. Qf8+ 1-0

[Event "8. Open de Calvia de Aficionados 2011"]
[Site "Calvià ESP"]
[Date "2011.10.15"]
[Round "8.5"]
[White "Spence, David J"]
[Black "Matthiesen, Martin"]
[Result "0-1"]
[WhiteElo "2199"]
[BlackElo "2277"]
[PlyCount "66"]
[EventDate "2011.10.08"]
[EventType "swiss"]
[EventRounds "9"]
[EventCountry "ESP"]
[Source "lmi"]
[SourceDate "2011.10.08"]

1. e4 c5 2. c3 d5 3. exd5 Qxd5 4. d4 g6 5. Nf3 Bg7 6. Na3 cxd4 7. Nb5 Na6 8.
Nbxd4 Nf6 9. Be2 O-O 10. O-O b6 11. c4 Qd6 12. b3 Ng4 13. h3 Nh2 14. Nxh2 Bxd4
15. Bh6 Rd8 16. Bf3 Rb8 17. Rc1 Bf5 18. Kh1 Nb4 19. Qd2 Bg7 20. Qxd6 Rxd6 21.
Bf4 e5 22. Be3 e4 23. Bf4 Rbd8 24. Bxd6 Rxd6 25. Rfd1 Nd3 26. Kg1 exf3 27. Nxf3
Re6 28. Rc2 Ne5 29. Rd8+ Bf8 30. Nxe5 Bxc2 31. Nd7 Re1+ 32. Kh2 Rd1 33. g4 Kg7
0-1

[Event "8. Open de Calvia de Aficionados 2011"]
[Site "Calvià ESP"]
[Date "2011.10.15"]
[Round "8.6"]
[White "Diaz Nunez, Adolfo"]
[Black "Walton, Alan J"]
[Result "1-0"]
[WhiteElo "2229"]
[BlackElo "2164"]
[PlyCount "89"]
[EventDate "2011.10.08"]
[EventType "swiss"]
[EventRounds "9"]
[EventCountry "ESP"]
[Source "lmi"]
[SourceDate "2011.10.08"]

1. Nf3 f5 2. g3 Nf6 3. Bg2 d6 4. d4 e6 5. c4 Be7 6. O-O O-O 7. b3 Qe8 8. Nc3 a5
9. Bb2 Qh5 10. Re1 Ne4 11. Nxe4 fxe4 12. Nd2 e3 13. fxe3 Bg5 14. Nf1 Nc6 15. e4
e5 16. d5 Nb4 17. Bc1 Bxc1 18. Qxc1 Bg4 19. Qd2 Qf7 20. Ne3 Qf2+ 21. Kh1 Bf3
22. Bxf3 Rxf3 23. Nd1 Rd3 24. Qxd3 Nxd3 25. Nxf2 Nxf2+ 26. Kg2 Nxe4 27. Kf3 Nc5
28. Ke3 Ra6 29. Rf1 Rb6 30. Rab1 Rb4 31. Rfc1 a4 32. bxa4 Rxa4 33. Rc2 Ra3+ 34.
Kd2 b6 35. Rf1 Ra8 36. Rf3 h6 37. Kc1 Ra4 38. Kb2 Rb4+ 39. Rb3 Ra4 40. Ra3 Rb4+
41. Rb3 Ra4 42. Ra3 Rb4+ 43. Kc1 b5 44. cxb5 Rxb5 45. Rb2 1-0

[Event "8. Open de Calvia de Aficionados 2011"]
[Site "Calvià ESP"]
[Date "2011.10.15"]
[Round "8.7"]
[White "Asensio, Enrique"]
[Black "Van Den Bersselaar, Jeroen"]
[Result "1-0"]
[WhiteElo "2178"]
[BlackElo "2211"]
[PlyCount "135"]
[EventDate "2011.10.08"]
[EventType "swiss"]
[EventRounds "9"]
[EventCountry "ESP"]
[Source "lmi"]
[SourceDate "2011.10.08"]

1. d4 d5 2. c4 e6 3. Nf3 Nf6 4. g3 Bb4+ 5. Bd2 Be7 6. Bg2 O-O 7. Qc2 c6 8. O-O
Nbd7 9. Bf4 Nh5 10. Bc1 b6 11. Nbd2 Ba6 12. Rd1 Nhf6 13. b3 Rc8 14. e4 dxe4 15.
Nxe4 Nxe4 16. Qxe4 b5 17. Qc2 c5 18. dxc5 Rxc5 19. Be3 Rc8 20. Bxa7 Qc7 21. Bd4
bxc4 22. bxc4 Nb6 23. Rac1 Bc5 24. Ng5 g6 25. Ba1 Be7 26. Nf3 Nxc4 27. Qa4 Qc6
28. Qxc6 Rxc6 29. Ne5 Rc7 30. Nd7 Rfc8 31. Nf6+ Bxf6 32. Bxf6 Kf8 33. h4 h5 34.
Rd4 Bb5 35. Rcd1 Be8 36. Rc1 Bb5 37. Bf1 Rc5 38. Bg2 Rf5 39. Rd8+ Rxd8 40. Bxd8
Ke8 41. Bc7 Rc5 42. Bd6 Rc8 43. Bb4 Nb6 44. Rxc8+ Nxc8 45. Bc5 Kd7 46. f4 Nd6
47. Bxd6 Kxd6 48. Kf2 e5 49. Ke3 f5 50. fxe5+ Kxe5 51. Bf3 Ba4 52. Be2 Bc6 53.
Bc4 f4+ 54. gxf4+ Kf5 55. Be2 Ba4 56. Bf3 Bc2 57. Be2 Ba4 58. Kf3 Bc6+ 59. Kg3
Ba4 60. Bd3+ Kf6 61. Bc4 Bc2 62. Bb5 Kf5 63. a4 Ke4 64. a5 Kd5 65. Kf3 Kc5 66.
Be2 Kd4 67. a6 Be4+ 68. Kf2 1-0

[Event "8. Open de Calvia de Aficionados 2011"]
[Site "Calvià ESP"]
[Date "2011.10.15"]
[Round "8.8"]
[White "Perez Lopez, Jesus Maria"]
[Black "Castell Cantero, Salvador"]
[Result "1-0"]
[WhiteElo "2280"]
[BlackElo "2095"]
[PlyCount "93"]
[EventDate "2011.10.08"]
[EventType "swiss"]
[EventRounds "9"]
[EventCountry "ESP"]
[Source "lmi"]
[SourceDate "2011.10.08"]

1. d4 Nf6 2. c4 g6 3. Nc3 Bg7 4. e4 d6 5. f3 Nbd7 6. Nh3 a6 7. Nf2 c5 8. d5 b5
9. cxb5 Qa5 10. Bd2 O-O 11. a4 Bb7 12. Be2 Rfb8 13. O-O Ne8 14. Qc2 Qd8 15. Ng4
Bd4+ 16. Kh1 Nc7 17. Ne3 axb5 18. axb5 Nb6 19. Nc4 Bxc3 20. bxc3 Nxb5 21. Na5
Na7 22. c4 Qc7 23. Bc3 Nd7 24. f4 Nc8 25. Bg4 Ncb6 26. Qf2 Nf6 27. Bf3 Ba6 28.
e5 Ne8 29. Be2 Bc8 30. Qh4 e6 31. exd6 Qxd6 32. Be5 Qd7 33. Bxb8 Rxb8 34. Nc6
Rb7 35. Nd8 Rc7 36. dxe6 fxe6 37. Rfd1 Qg7 38. Bg4 Re7 39. Qf2 Nxc4 40. Qxc5
Rc7 41. Qd4 Qe7 42. Bf3 Ned6 43. Nc6 Qg7 44. Ne5 Bd7 45. Ra8+ Bc8 46. Nxc4 Nxc4
47. Qd8+ 1-0

[Event "8. Open de Calvia de Aficionados 2011"]
[Site "Calvià ESP"]
[Date "2011.10.15"]
[Round "8.9"]
[White "Hallerod, Ralph"]
[Black "Donovan, Linton"]
[Result "1/2-1/2"]
[WhiteElo "2122"]
[BlackElo "2262"]
[PlyCount "104"]
[EventDate "2011.10.08"]
[EventType "swiss"]
[EventRounds "9"]
[EventCountry "ESP"]
[Source "lmi"]
[SourceDate "2011.10.08"]

1. d4 Nf6 2. c4 c5 3. e3 g6 4. Nc3 Bg7 5. g3 cxd4 6. exd4 d5 7. cxd5 Nxd5 8.
Bg2 Be6 9. Nge2 Nc6 10. O-O O-O 11. Be3 Rc8 12. Qd2 Nxc3 13. Nxc3 Bxd4 14. Bxc6
Bxe3 15. Qxd8 Rfxd8 16. Bxb7 Rb8 17. fxe3 Rxb7 18. Rf2 Rbd7 19. b4 Rd3 20. Nb5
Bd7 21. Nc7 Bh3 22. Rb2 Rxe3 23. a4 Rf3 24. b5 Rd6 25. Rf2 Ra3 26. Rfa2 Rd1+
27. Rxd1 Rxa2 28. Nd5 e5 29. b6 axb6 30. Nxb6 e4 31. Re1 f5 32. Rc1 e3 33. Nd5
Rg2+ 34. Kh1 e2 35. Ne3 Rf2 36. Kg1 Rf3 37. Ng2 Rd3 38. Ne1 Ra3 39. Rc4 Kg7 40.
Kf2 Bg4 41. Rb4 Kf6 42. Kg2 Ke5 43. Rb7 Rxa4 44. h3 Bh5 45. Rxh7 Kd4 46. Kf2
Rc4 47. Rh8 Rc3 48. Rd8+ Ke4 49. Rh8 Ke5 50. Rh7 Kf6 51. Ra7 Ke5 52. Rh7 Kf6
1/2-1/2

[Event "8. Open de Calvia de Aficionados 2011"]
[Site "Calvià ESP"]
[Date "2011.10.15"]
[Round "8.11"]
[White "Myhrvold, Rune"]
[Black "Obers, Frits"]
[Result "1-0"]
[WhiteElo "2183"]
[BlackElo "2105"]
[PlyCount "37"]
[EventDate "2011.10.08"]
[EventType "swiss"]
[EventRounds "9"]
[EventCountry "ESP"]
[Source "lmi"]
[SourceDate "2011.10.08"]

1. e4 c5 2. c3 g6 3. Nf3 Bg7 4. Be2 d5 5. exd5 Qxd5 6. d4 cxd4 7. cxd4 Nf6 8.
Nc3 Qa5 9. O-O O-O 10. Be3 Be6 11. Ne5 Nd5 12. Bf3 Bxe5 13. Bxd5 Bxd5 14. dxe5
Bc4 15. Re1 Nc6 16. Qg4 Be6 17. Qh4 Qb4 18. Ne4 Bf5 19. Bc5 1-0

[Event "8. Open de Calvia de Aficionados 2011"]
[Site "Calvià ESP"]
[Date "2011.10.15"]
[Round "8.12"]
[White "Planas Gene, Juan"]
[Black "Fernandez-Baldor Anibarro, Pablo"]
[Result "1-0"]
[WhiteElo "2105"]
[BlackElo "2175"]
[PlyCount "155"]
[EventDate "2011.10.08"]
[EventType "swiss"]
[EventRounds "9"]
[EventCountry "ESP"]
[Source "lmi"]
[SourceDate "2011.10.08"]

1. d4 Nf6 2. c4 g6 3. Nc3 Bg7 4. e4 d6 5. Nf3 O-O 6. Be2 e5 7. O-O Nc6 8. d5
Ne7 9. b4 a5 10. bxa5 Nh5 11. Re1 Nf4 12. Bf1 Rxa5 13. Nd2 b6 14. Nb3 Ra8 15.
a4 f5 16. g3 Nh5 17. exf5 Nxf5 18. Ne4 Nd4 19. Nxd4 exd4 20. Bb2 Qd7 21. Bxd4
Bxd4 22. Qxd4 Rxa4 23. Rxa4 Qxa4 24. Ng5 Re8 25. Ra1 Qc2 26. Ra8 Ng7 27. Ne6
Bxe6 28. Rxe8+ Nxe8 29. dxe6 Qf5 30. Bg2 Qb1+ 31. Bf1 Qe1 32. Qd5 Qe5 33. Bh3
Qxd5 34. cxd5 Kf8 35. f4 Ke7 36. Kf2 Nf6 37. Bg2 Ng4+ 38. Kg1 b5 39. Bf3 Nf6
40. Kf2 c6 41. dxc6 Kxe6 42. Ke3 Ne8 43. Kd4 Nc7 44. g4 h5 45. gxh5 gxh5 46.
Bxh5 Kf5 47. h4 Kxf4 48. Bf7 Kg4 49. h5 Kg5 50. Kc3 Kf6 51. Bg6 Nd5+ 52. Kb3
Kg7 53. Bd3 Kh6 54. Be4 Nc7 55. Bf3 Na6 56. Be2 Kg5 57. Bxb5 Nc5+ 58. Kb4 Ne6
59. Bc4 Nd4 60. c7 Nc6+ 61. Kb5 Ne7 62. Be2 Kf6 63. Bg4 Kg5 64. Kc4 Kf6 65. Kd4
Kg5 66. Ke4 Kf6 67. Kf3 Kg5 68. Kg3 Kf6 69. Kh4 d5 70. Kg3 d4 71. Kf3 Ke5 72.
h6 Kf6 73. h7 Kg7 74. Bf5 d3 75. Bxd3 Nc8 76. Bf5 Nb6 77. Ke4 Nc4 78. Kd5 1-0

[Event "8. Open de Calvia de Aficionados 2011"]
[Site "Calvià ESP"]
[Date "2011.10.15"]
[Round "8.13"]
[White "Fruebing, Thomas"]
[Black "Strand, Oyvin"]
[Result "1-0"]
[WhiteElo "2166"]
[BlackElo "2021"]
[PlyCount "75"]
[EventDate "2011.10.08"]
[EventType "swiss"]
[EventRounds "9"]
[EventCountry "ESP"]
[Source "lmi"]
[SourceDate "2011.10.08"]

1. e4 e6 2. d4 d5 3. Nc3 dxe4 4. Nxe4 Bd7 5. Nf3 Bc6 6. Bd3 Nd7 7. Qe2 Ngf6 8.
Bd2 Be7 9. Neg5 Bxf3 10. Nxf3 c6 11. O-O O-O 12. c3 Qc7 13. Bg5 Bd6 14. Rfe1
Rfe8 15. Ne5 Rac8 16. Rad1 a6 17. a3 c5 18. Nxd7 Nxd7 19. Qh5 g6 20. Qh4 c4 21.
Bc2 b5 22. Re3 Nf8 23. Bh6 Be7 24. Qg4 Bf6 25. Rde1 Qd7 26. h4 Bg7 27. Bf4 h6
28. Qf3 a5 29. Be4 f5 30. Bb7 Red8 31. Bxc8 Qxc8 32. Be5 Qd7 33. Qf4 Rc8 34.
Bxg7 Qxg7 35. Qd6 Qc7 36. Rxe6 Nxe6 37. Rxe6 Qxd6 38. Rxd6 1-0

[Event "8. Open de Calvia de Aficionados 2011"]
[Site "Calvià ESP"]
[Date "2011.10.15"]
[Round "8.14"]
[White "Gaya Llodra, Juan"]
[Black "Sanchez Garcia, Julio"]
[Result "1/2-1/2"]
[WhiteElo "2160"]
[BlackElo "2007"]
[PlyCount "61"]
[EventDate "2011.10.08"]
[EventType "swiss"]
[EventRounds "9"]
[EventCountry "ESP"]
[Source "lmi"]
[SourceDate "2011.10.08"]

1. d4 Nf6 2. Nf3 e6 3. g3 d5 4. Bg2 Be7 5. c4 O-O 6. cxd5 exd5 7. Nc3 c6 8. O-O
Nbd7 9. Nh4 g6 10. f4 Ne4 11. Nxe4 dxe4 12. Bxe4 Bxh4 13. gxh4 Qxh4 14. Bg2 Nf6
15. Qd3 Bg4 16. e4 Rfe8 17. Bd2 Rad8 18. Rae1 Rd7 19. h3 Red8 20. Bc3 Be6 21.
d5 Nh5 22. Qe3 cxd5 23. exd5 Rxd5 24. Bxd5 Rxd5 25. Rd1 Nxf4 26. Rxd5 Nxd5 27.
Qe5 Nxc3 28. Qb8+ Kg7 29. Qe5+ Kg8 30. Qb8+ Kg7 31. Qe5+ 1/2-1/2

[Event "8. Open de Calvia de Aficionados 2011"]
[Site "Calvià ESP"]
[Date "2011.10.15"]
[Round "8.15"]
[White "Kyrkjebo, Erlend"]
[Black "Schuermans, Robert"]
[Result "1-0"]
[WhiteElo "2026"]
[BlackElo "2139"]
[PlyCount "51"]
[EventDate "2011.10.08"]
[EventType "swiss"]
[EventRounds "9"]
[EventCountry "ESP"]
[Source "lmi"]
[SourceDate "2011.10.08"]

1. e4 Nf6 2. Nc3 d5 3. e5 Ne4 4. d4 Nxc3 5. bxc3 c5 6. f4 e6 7. Nf3 Nc6 8. Bd3
Qa5 9. Bd2 Qa4 10. Be3 c4 11. Be2 Ba3 12. Rb1 O-O 13. O-O b5 14. Ng5 Be7 15.
Bh5 g6 16. Bg4 b4 17. Qe1 Bxg5 18. fxg5 Qxc2 19. Rc1 Qxa2 20. Qh4 b3 21. Rf3 f5
22. gxf6 Rf7 23. Bh5 gxh5 24. Bh6 Bd7 25. Qg5+ Kh8 26. Qg7+ 1-0

[Event "8. Open de Calvia de Aficionados 2011"]
[Site "Calvià ESP"]
[Date "2011.10.15"]
[Round "8.16"]
[White "Martinez Vicario, Jose Maria"]
[Black "Navarrete Terrasa, Sebastian"]
[Result "1-0"]
[WhiteElo "2109"]
[BlackElo "2002"]
[PlyCount "85"]
[EventDate "2011.10.08"]
[EventType "swiss"]
[EventRounds "9"]
[EventCountry "ESP"]
[Source "lmi"]
[SourceDate "2011.10.08"]

1. e4 c5 2. Nc3 Nc6 3. g3 g6 4. Bg2 Bg7 5. d3 d6 6. Be3 Rb8 7. Qd2 b5 8. f4 b4
9. Nd1 e6 10. Nf3 Nge7 11. O-O Nd4 12. c3 bxc3 13. bxc3 Nxf3+ 14. Bxf3 Qa5 15.
h4 f5 16. h5 d5 17. Qf2 Ba6 18. exd5 Bxd3 19. Re1 exd5 20. Bxc5 Be4 21. Bxa7
Rc8 22. Bxe4 fxe4 23. Bd4 Bxd4 24. Qxd4 Kf7 25. Rb1 gxh5 26. Qe5 Rhg8 27. Qxh5+
Kf8 28. g4 Qxa2 29. Rb2 Qa7+ 30. Kh1 Qd7 31. f5 d4 32. cxd4 Qxd4 33. Rbe2 e3
34. Nxe3 Rc6 35. Ng2 Rg7 36. g5 Qd5 37. Re5 Qf7 38. Qxf7+ Rxf7 39. f6 h6 40.
fxe7+ Ke8 41. Nh4 hxg5 42. Nf5 Rh7+ 43. Kg1 1-0

[Event "8. Open de Calvia de Aficionados 2011"]
[Site "Calvià ESP"]
[Date "2011.10.15"]
[Round "8.17"]
[White "Wortmann, Dirk"]
[Black "Svensson, Leif 1940"]
[Result "1/2-1/2"]
[WhiteElo "2014"]
[BlackElo "2156"]
[PlyCount "37"]
[EventDate "2011.10.08"]
[EventType "swiss"]
[EventRounds "9"]
[EventCountry "ESP"]
[Source "lmi"]
[SourceDate "2011.10.08"]

1. d4 d5 2. Nf3 Bf5 3. c4 e6 4. Nc3 c6 5. e3 Nd7 6. Bd3 Bxd3 7. Qxd3 Ngf6 8.
O-O Be7 9. b3 O-O 10. Bb2 Qa5 11. e4 dxe4 12. Nxe4 Rad8 13. Rfd1 Nxe4 14. Qxe4
Nf6 15. Qe5 Qb4 16. Qe1 Qb6 17. Rd3 c5 18. Rad1 Rfe8 19. Bc3 1/2-1/2